000
00215nam a22000857a 4500
008
161128b xxu||||| |||| 00| 0 eng d
100
_9
1507
_a
Singh.L.etal
245
_a
Chemistry-IX-II
260
_a
New delhi
_b
S. Chand
_c
2011
999
_c
4234
_d
4234